| Поле | Инд. | ПП | Название | Значение |
|---|---|---|---|---|
| Тип записи | a | |||
| Библиографический уровень | a | |||
| 001 | Контрольный номер | 6d6a8cf1c2074f6ca6a93c03c0777359 | ||
| 005 | Дата корректировки | 20181120134556.5 | ||
| 100 | a | Данные общей обработки | 20180904 ||| 0rusy0189 ca | |
| 101 | 0_ | a | Язык текста | rus |
| 102 | a | Страна публикации | RU | |
| 200 | 1_ | f | Первые сведения об ответственности | Е.Д. Донцова, А.Д. Полякова |
| a | Заглавие | Анализ спора о конституционности некоторых положений ст. 101 Налогового кодекса Российской Федерации | ||
| 210 | d | Дата издания | 2018 | |
| 461 | _0 | 1 | 2000 | |
| a | Финансовое право | |||
| 463 | _0 | 1 | 2000 | |
| a | №2 | |||
| v | С. 28-31 | |||
| 1 | 2101 | |||
| d | 2018 | |||
| 1 | 001662ad391b15f4a32892a2b4af8f96c79 | |||
| 606 | a | Основная рубрика | Финансовое право | |
| 610 | 0_ | a | Ключевые слова | НАЛОГОВОЕ ПРАВО |
| a | Ключевые слова | НАЛОГОВЫЕ СПОРЫ | ||
| a | Ключевые слова | НАЛОГОВЫЕ ПРАВОНАРУШЕНИЯ | ||
| a | Ключевые слова | НАЛОГОВАЯ ОТВЕТСТВЕННОСТЬ | ||
| 700 | _1 | a | Фамилия | Донцова |
| b | Имя | Е.Д. | ||
| 701 | _1 | a | Фамилия | Полякова |
| b | Имя | А.Д. | ||
| 801 | _0 | a | Страна | RU |
| b | Организация | РГУП | ||
| c | Дата составления | 20180904 | ||
| g | Правила каталогизации | PSBO | ||
| 801 | _1 | a | Страна | RU |
| b | Организация | РГУП | ||
| c | Дата составления | 20180904 | ||
| g | Правила каталогизации | PSBO | ||
| 901 | t | Тип документа | b | |
| w | Контрольный № источника | 662ad391b15f4a32892a2b4af8f96c79 | ||
| 905 | a | Дата ввода | 20180904 |